[Event "AUTO-INT-854"]
[Site "http://www.queenalice.com/game.php?id=381245"]
[Date "2008.4.3"]
[Round "1"]
[White "AndreMS"]
[Black "manraj"]
[Result "0-1"]
[WhiteElo "1465"]
[BlackElo "1781"]

1. d4 d5 2. Nf3 h6 3. Nc3 a6 4. Bf4 e6 5. e3 Nf6 6. Qd3 Bd6 7. Bxd6 Qxd6 8.
O-O-O Ng4 9. Qd2 O-O 10. g3 Bd7 11. Bh3 Nf6 12. a4 Qb4 13. b3 Nc6 14. Na2 Qa3+
15. Kb1 a5 16. Qc1 Qxc1+ 17. Kxc1 Ne4 18. Rhf1 f6 19. Nd2 f5 20. f3 Ng5 21. Bg2
Ne7 22. Nc3 c6 23. h4 Nh7 24. g4 g6 25. gxf5 Nxf5 26. Rg1 Nxh4 27. e4 g5 28. e5
Ng6 0-1

[Event "AUTO-INT-854"]
[Site "http://www.queenalice.com/game.php?id=381246"]
[Date "2008.4.3"]
[Round "1"]
[White "manraj"]
[Black "AndreMS"]
[Result "1-0"]
[WhiteElo "1766"]
[BlackElo "1521"]

1. d4 d5 2. h3 Nf6 3. e3 a6 4. a3 e6 5. Nc3 g6 6. Bd3 Nc6 7. Nf3 e5 8. dxe5 Nd7
9. Nxd5 Ndxe5 10. Nc3 Nxf3+ 11. Qxf3 Be6 12. Be4 Qd6 13. Bd2 O-O-O 14. O-O-O Qe5
15. Qe2 Bg7 16. f4 Qd6 17. Bf3 h5 18. Nb1 b5 19. Bc3 Qc5 20. Bxg7 Rxd1+ 21. Rxd1
Rd8 22. Rxd8+ Kxd8 23. Qd2+ Kc8 24. Bf6 Bf5 25. Nc3 Na5 26. Qd8# 1-0

[Event "AUTO-ADV-860"]
[Site "http://www.queenalice.com/game.php?id=381297"]
[Date "2008.4.3"]
[Round "1"]
[White "stonkin"]
[Black "manraj"]
[Result "0-1"]
[WhiteElo "1900"]
[BlackElo "1771"]

1. e4 e5 2. Nf3 d6 3. d4 c6 4. Bg5 Be7 5. Qd2 h6 6. Bxe7 Qxe7 7. Qc3 Bg4 8. d5
Nf6 9. Nbd2 O-O 10. Bc4 Nbd7 11. h3 Bh5 12. O-O-O c5 13. Rdg1 Bg6 14. Qe3 Nb6
15. b3 a6 16. g4 Kh8 17. g5 Ng8 18. h4 h5 19. Qc3 Nc8 20. Kb2 b5 21. Bd3 b4 22.
Qc4 Nb6 23. Qxa6 Rxa6 24. Bxa6 Qa7 25. Bd3 Qa3+ 26. Kb1 Ra8 27. Re1 Qxa2+ 28.
Kc1 Ne7 29. Nc4 Nxc4 30. Bxc4 Qa1+ 31. Kd2 Qc3+ 32. Ke2 Bxe4 33. Rh3 Qxc2+ 34.
Nd2 Ra2 35. Rd1 Bg2 36. Bd3 Qxb3 37. Rg3 Bxd5 38. Bb1 Rxd2+ 39. Kxd2 Qb2+ 40.
Ke1 Bc4 41. Re3 Nd5 0-1

[Event "AUTO-ADV-860"]
[Site "http://www.queenalice.com/game.php?id=381298"]
[Date "2008.4.3"]
[Round "1"]
[White "manraj"]
[Black "stonkin"]
[Result "1-0"]
[WhiteElo "1695"]
[BlackElo "1933"]

1. d4 d5 2. h3 e6 3. a3 h6 4. e3 c6 5. Nf3 Bd6 6. Bd3 b5 7. b4 Qf6 8. Bb2 a6 9.
O-O Nd7 10. Nbd2 e5 11. dxe5 Nxe5 12. Kh1 Ne7 13. e4 g5 14. exd5 cxd5 15. Qe2 g4
16. Nxe5 h5 17. Rab1 gxh3 18. g3 Be6 19. Ng6 fxg6 20. Bxf6 Rf8 21. Qxe6 1-0

[Event "AUTO-ADV-860"]
[Site "http://www.queenalice.com/game.php?id=381309"]
[Date "2008.4.3"]
[Round "1"]
[White "BiraFehera"]
[Black "manraj"]
[Result "1-0"]
[WhiteElo "1872"]
[BlackElo "1798"]

1. c4 e5 2. Nc3 c6 3. g3 Bc5 4. Bg2 Nf6 5. e3 h6 6. Nge2 d6 7. O-O O-O 8. d4 Bb4
9. a3 Bxc3 10. Nxc3 Qc7 11. Bd2 Re8 12. d5 c5 13. b4 a6 14. e4 cxb4 15. axb4
Qxc4 16. Qa4 Bd7 17. b5 Qxa4 18. Rxa4 b6 19. Be3 Rc8 20. Ra3 Rc7 21. Bxb6 Rb7
22. Be3 Ng4 23. Bd2 Bc8 24. f3 Nf6 25. Rfa1 Re7 26. Bf1 Nfd7 27. bxa6 Nc5 28. a7
Nbd7 29. Nb5 Nb6 30. Nxd6 g6 31. Bb4 1-0

[Event "AUTO-ADV-860"]
[Site "http://www.queenalice.com/game.php?id=381310"]
[Date "2008.4.3"]
[Round "1"]
[White "manraj"]
[Black "BiraFehera"]
[Result "0-1"]
[WhiteElo "1797"]
[BlackElo "1868"]

1. d4 Nf6 2. h3 e6 3. a3 Nc6 4. e3 d5 5. Bd3 Bd6 6. Nf3 O-O 7. c3 Re8 8. O-O e5
9. dxe5 Nxe5 10. Qe2 Be6 11. Nxe5 Bxe5 12. Rd1 Qd7 13. c4 Bxh3 14. gxh3 Qxh3 15.
f3 dxc4 16. Bxc4 Rad8 17. Rf1 Nh5 18. Qg2 Qh4 19. f4 Nxf4 20. Qf3 Qg5+ 21. Kh2
Ng6+ 22. Kh1 Qh4+ 0-1

[Event "AUTO-ADV-860"]
[Site "http://www.queenalice.com/game.php?id=381315"]
[Date "2008.4.3"]
[Round "1"]
[White "vindaloo"]
[Black "manraj"]
[Result "0-1"]
[WhiteElo "1745"]
[BlackElo "1737"]

1. e4 e5 2. Nf3 d6 3. Bc4 c6 4. d3 a5 5. a3 h6 6. Nc3 Nf6 7. O-O Bg4 8. Be3 Bxf3
9. Qxf3 Be7 10. Rad1 O-O 11. d4 Nbd7 12. Qg3 Kh7 13. dxe5 Nxe5 14. Be2 c5 15.
Bxc5 Qc7 16. Be3 Qc6 17. Bd3 g6 18. f3 Nc4 19. Bxc4 Qxc4 20. Rd4 Qe6 21. Ne2 Nh5
22. Qf2 Bf6 23. Rd3 Bxb2 24. Rfd1 Ra6 25. Bb6 Rc8 26. Rxd6 Qc4 27. Rd7 Bxa3 28.
Rxf7+ Qxf7 0-1

[Event "AUTO-ADV-860"]
[Site "http://www.queenalice.com/game.php?id=381316"]
[Date "2008.4.3"]
[Round "1"]
[White "manraj"]
[Black "vindaloo"]
[Result "0-1"]
[WhiteElo "1763"]
[BlackElo "1745"]

1. d4 g6 2. d5 c6 3. Nc3 cxd5 4. Qxd5 Bg7 5. a3 Nf6 6. Qd4 Nc6 7. Qd1 O-O 8. e3
e6 9. Nf3 d5 10. Be2 Qc7 11. h3 a6 12. O-O b5 13. Bd3 Ne7 14. b4 Qxc3 15. Bd2
Qc7 16. Qe2 Nh5 17. Rab1 f5 18. Nh2 Be5 19. g3 Bb7 20. Qe1 Rad8 21. f4 Bd6 22.
Bc3 e5 23. Rb3 d4 24. exd4 exf4 25. Qe6+ Rf7 26. gxf4 Qc6 27. Kf2 Nxf4 28. Qe3
Qg2+ 29. Ke1 Ned5 30. Qf2 Nxd3+ 31. cxd3 Bg3 0-1

[Event "AUTO-OPEN-1080"]
[Site "http://www.queenalice.com/game.php?id=381376"]
[Date "2008.4.3"]
[Round "1"]
[White "Lordofchess"]
[Black "manraj"]
[Result "0-1"]
[WhiteElo "1201"]
[BlackElo "1690"]

1. e4 e5 2. Nh3 h6 3. g4 d5 4. exd5 Qxd5 5. g5 Qxh1 6. Qe2 Bxh3 7. d4 hxg5 8.
Bxg5 Nc6 9. Nd2 f6 10. Bh4 Rxh4 11. O-O-O Nxd4 12. Qc4 Qc6 13. Qxg8 Qxc2# 0-1

[Event "AUTO-OPEN-1080"]
[Site "http://www.queenalice.com/game.php?id=381377"]
[Date "2008.4.3"]
[Round "1"]
[White "manraj"]
[Black "Lordofchess"]
[Result "1-0"]
[WhiteElo "1683"]
[BlackElo "1155"]

1. d4 d6 2. h3 e6 3. e4 d5 4. e5 f6 5. a3 fxe5 6. Qh5+ g6 7. Qxe5 Nd7 8. Qxh8
Qh4 9. Nf3 Qe4+ 10. Kd1 Ndf6 11. Bd3 Qxf3+ 12. gxf3 Kf7 13. Rg1 Bg7 14. Bxg6+
Kf8 15. Bh6 hxg6 16. Qxg7+ Ke8 17. Rxg6 Nxh6 18. Rxf6 Kd8 19. Rf8# 1-0

[Event "AUTO-OPEN-1080"]
[Site "http://www.queenalice.com/game.php?id=381407"]
[Date "2008.4.3"]
[Round "1"]
[White "manraj"]
[Black "Fudencio"]
[Result "0-1"]
[WhiteElo "1798"]
[BlackElo "2245"]

1. d4 Nf6 2. h3 e6 3. e3 Nc6 4. a3 d5 5. Bd3 Bd6 6. Nf3 O-O 7. c3 Bd7 8. Nbd2 a6
9. O-O Qc8 10. Nh2 e5 11. g4 e4 12. Be2 h5 13. f4 exf3 14. Bxf3 Bxh2+ 15. Kxh2
hxg4 16. hxg4 Nxg4+ 17. Kg3 Nxe3 18. Qe2 Nxf1+ 19. Nxf1 Re8 20. Qh2 Ne7 21. Bf4
Ng6 22. Bxd5 Nxf4 23. Kxf4 c6 24. Bb3 Bh3 0-1

[Event "AUTO-OPEN-1080"]
[Site "http://www.queenalice.com/game.php?id=381408"]
[Date "2008.4.3"]
[Round "1"]
[White "Fudencio"]
[Black "manraj"]
[Result "1-0"]
[WhiteElo "2272"]
[BlackElo "1798"]

1. d4 d5 2. c4 e6 3. Nc3 a6 4. cxd5 exd5 5. Nf3 h6 6. Ne5 Bd6 7. Nxd5 c6 8. Nc3
Nf6 9. Nc4 Bb4 10. a3 Bxc3+ 11. bxc3 b5 12. Ne5 O-O 13. Qd3 Be6 14. e4 Nbd7 15.
Nxc6 Qe8 16. e5 Bd5 17. Nb4 Bc4 18. Qf5 Be6 19. Qf3 Bb3 20. Be2 Nh7 21. O-O Qc8
22. Nc6 Re8 23. Na5 Nb6 24. Nxb3 1-0

[Event "AUTO-OPEN-1080"]
[Site "http://www.queenalice.com/game.php?id=381409"]
[Date "2008.4.3"]
[Round "1"]
[White "manraj"]
[Black "vindaloo"]
[Result "1-0"]
[WhiteElo "1745"]
[BlackElo "1762"]

1. d4 g6 2. e4 Bg7 3. h3 d6 4. d5 c6 5. c3 Nf6 6. Qf3 cxd5 7. exd5 O-O 8. Bc4 a6
9. Ne2 b5 10. Bb3 Nbd7 11. Bf4 Nb6 12. Be3 Bb7 13. O-O Bxd5 14. Bxb6 Bxf3 15.
Bxd8 Bxe2 16. Bxe7 Rfe8 17. Bxf6 Bxf1 18. Nd2 Bxf6 19. Kxf1 Rad8 20. a4 d5 21.
axb5 axb5 22. Ra6 Be5 23. Nf3 Bc7 24. Nd4 Re4 25. Nxb5 Bb8 26. Nd4 Rde8 27. g3
Re1+ 28. Kg2 Rb1 29. Bxd5 Rxb2 30. c4 Rd2 31. Nf3 Rb2 32. Ng5 Rf8 33. h4 h6 34.
Rxg6+ 1-0

[Event "AUTO-OPEN-1080"]
[Site "http://www.queenalice.com/game.php?id=381410"]
[Date "2008.4.3"]
[Round "1"]
[White "vindaloo"]
[Black "manraj"]
[Result "0-1"]
[WhiteElo "1766"]
[BlackElo "1782"]

1. e4 e5 2. Nf3 d6 3. Bc4 c6 4. d3 h6 5. a4 a5 6. Bd2 Nf6 7. O-O Bg4 8. h3 Bxf3
9. Qxf3 Be7 10. b4 O-O 11. Qg3 Kh7 12. bxa5 Nbd7 13. Qf3 b6 14. axb6 Qxb6 15.
Bc3 Bd8 16. a5 Qc5 17. a6 d5 18. Bb3 d4 19. Bb2 Ba5 20. Ba3 Bb4 21. Bxb4 Qxb4
22. Ra4 Qb6 23. Bc4 Nc5 24. Ra3 Nxa6 25. Rb3 Qc7 26. Nd2 Nc5 27. Rb2 Qa5 28. Nb3
Qc3 29. Rfb1 Nxb3 30. Bxb3 Kg8 31. Qf5 Qc5 32. Bc4 Qd6 33. Rb6 Rab8 34. Bd5 Nd7
35. Rxb8 Nxb8 36. Rb3 cxd5 37. exd5 Qxd5 38. Qg4 Nc6 39. Qd1 e4 40. c4 Qf5 41.
dxe4 Qxe4 42. f3 Qe6 43. Rb6 Qxc4 44. Qb1 d3 45. Rb2 Nd4 46. Kf2 Nc2 47. Ra2 Re8
48. Kg3 Qc7+ 49. Kf2 Re2+ 0-1

[Event "Challenge"]
[Site "http://www.queenalice.com/game.php?id=401600"]
[Date "2008.5.11"]
[Round "-"]
[White "Mike36bh"]
[Black "manraj"]
[Result "1-0"]
[WhiteElo "1705"]
[BlackElo "1785"]

1. d4 d5 2. Nc3 c6 3. e4 h6 4. h3 e6 5. a3 Nf6 6. e5 Ne4 7. Nxe4 dxe4 8. Be3 b5
9. c3 a5 10. f3 Qd5 11. fxe4 Qxe4 12. Qd2 1-0